{"text_format":"3","workbook":"xlsx","n_sheets":1,"sheets":["t322"],"read":"whole","date_system":"1900"}

{"sheet":"t322","index":0,"n_rows":184,"n_cols":7,"rows_kept":184,"merged":[[0,0,0,6],[30,0,30,5],[47,0,47,5],[155,0,155,5]]}
["TABELA 322.1 - Estatísticas Agrícolas, Município de Maracaí, Estado de São Paulo, 2007/08."]
["ITEM","UNIDADE","N.DE UPAs","MÍNIMO","MÉDIO","MÁXIMO","TOTAL"]
["Distância à sede do município","km",755,0.1,{"v":12.73,"d":"12.7"},{"v":45,"d":"45.0"},"-"]
["Área total","hectare",755,1.2,{"v":64.17,"d":"64.2"},{"v":3667.9,"d":"3,667.9"},{"v":48449.3,"d":"48,449.3"}]
["Área com cultura perene","hectare",11,0.5,{"v":8.58,"d":"8.6"},31.4,94.4]
["Área com cultura temporária","hectare",679,0.1,{"v":60.97,"d":"61.0"},{"v":3386.8,"d":"3,386.8"},{"v":41397.7,"d":"41,397.7"}]
["Área com pastagem","hectare",341,0.2,{"v":11.48,"d":"11.5"},{"v":350,"d":"350.0"},{"v":3916.3,"d":"3,916.3"}]
["Área com reflorestamento","hectare",39,0.1,{"v":4.44,"d":"4.4"},65.3,{"v":173,"d":"173.0"}]
["Área com vegetação natural","hectare",453,0.1,{"v":4.51,"d":"4.5"},200.4,{"v":2044.2,"d":"2,044.2"}]
["Área com vegetação de brejo e várzea","hectare",59,0.1,{"v":3.56,"d":"3.6"},48.4,210.3]
["Área em descanso","hectare",21,0.3,{"v":3.77,"d":"3.8"},13.2,79.2]
["Área complementar","hectare",431,0.1,{"v":1.24,"d":"1.2"},53.8,534.2]
["Área das UPAs com (0, 1] ha","hectare","-","-","-","-","-"]
["Área das UPAs com (1, 2] ha","hectare",10,1.2,{"v":1.58,"d":"1.6"},{"v":2,"d":"2.0"},15.8]
["Área das UPAs com (2, 5] ha","hectare",61,2.2,{"v":3.71,"d":"3.7"},{"v":5,"d":"5.0"},226.3]
["Área das UPAs com (5, 10] ha","hectare",87,5.2,{"v":7.68,"d":"7.7"},{"v":10,"d":"10.0"},668.3]
["Área das UPAs com (10, 20] ha","hectare",172,10.2,{"v":14.17,"d":"14.2"},{"v":20,"d":"20.0"},{"v":2437.2,"d":"2,437.2"}]
["Área das UPAs com (20, 50] ha","hectare",216,20.1,{"v":31.96,"d":"32.0"},49.6,{"v":6903.9,"d":"6,903.9"}]
["Área das UPAs com (50, 100] ha","hectare",118,50.1,{"v":70.06,"d":"70.1"},{"v":100,"d":"100.0"},{"v":8267.2,"d":"8,267.2"}]
["Área das UPAs com (100, 200] ha","hectare",49,{"v":101,"d":"101.0"},{"v":139.55,"d":"139.6"},191.4,{"v":6837.9,"d":"6,837.9"}]
["Área das UPAs com (200, 500] ha","hectare",32,{"v":205,"d":"205.0"},{"v":310.49,"d":"310.5"},{"v":497,"d":"497.0"},{"v":9935.6,"d":"9,935.6"}]
["Área das UPAs com (500, 1.000] ha","hectare",7,{"v":589,"d":"589.0"},{"v":816.46,"d":"816.5"},{"v":965,"d":"965.0"},{"v":5715.2,"d":"5,715.2"}]
["Área das UPAs com (1.000, 2.000] ha","hectare",1,{"v":1257.2,"d":"1,257.2"},{"v":1257.2,"d":"1,257.2"},{"v":1257.2,"d":"1,257.2"},{"v":1257.2,"d":"1,257.2"}]
["Área das UPAs com (2.000, 5.000] ha","hectare",2,{"v":2516.8,"d":"2,516.8"},{"v":3092.35,"d":"3,092.4"},{"v":3667.9,"d":"3,667.9"},{"v":6184.7,"d":"6,184.7"}]
["Área das UPAs com (5.000, 10.000] ha","hectare","-","-","-","-","-"]
["Área das UPAs acima de 10.000 ha","hectare","-","-","-","-","-"]
["Familiares do proprietário que trabalham na UPA","unidade",576,{"v":1,"d":"1.0"},{"v":1.64,"d":"1.6"},{"v":15,"d":"15.0"},{"v":945,"d":"945.0"}]
["Trabalhadores permanentes","unidade",98,{"v":1,"d":"1.0"},3.7,{"v":136,"d":"136.0"},{"v":363,"d":"363.0"}]
["Fonte: Secretaria de Agricultura e Abastecimento, CDRS/IEA, Projeto LUPA."]
[]
["TABELA 322.2 - Explorações Animais, Município de Maracaí, Estado de São Paulo, 2007/08."]
["ITEM","UNIDADE","N.DE UPAs","MÍNIMO","MÉDIO","MÁXIMO","TOTAL"]
["Apicultura","colmeias",2,{"v":30,"d":"30.0"},{"v":35,"d":"35.0"},{"v":40,"d":"40.0"},{"v":70,"d":"70.0"}]
["Asininos E Muares","cabeças",11,{"v":1,"d":"1.0"},{"v":2.18,"d":"2.2"},{"v":6,"d":"6.0"},{"v":24,"d":"24.0"}]
["Avicultura de Corte","cabeças/ano",4,{"v":20,"d":"20.0"},{"v":50,"d":"50.0"},{"v":100,"d":"100.0"},{"v":200,"d":"200.0"}]
["Avicultura para Ovos","cabeças",30,{"v":15,"d":"15.0"},{"v":44.17,"d":"44.2"},{"v":100,"d":"100.0"},{"v":1325,"d":"1,325.0"}]
["Bovinocultura de Corte","cabeças",50,{"v":1,"d":"1.0"},56.1,{"v":458,"d":"458.0"},{"v":2805,"d":"2,805.0"}]
["Bovinocultura Leiteira","cabeças",68,{"v":1,"d":"1.0"},20.1,{"v":200,"d":"200.0"},{"v":1367,"d":"1,367.0"}]
["Bovinocultura Mista","cabeças",144,{"v":1,"d":"1.0"},{"v":15.23,"d":"15.2"},{"v":260,"d":"260.0"},{"v":2193,"d":"2,193.0"}]
["Caprinocultura","cabeças",2,{"v":6,"d":"6.0"},{"v":18,"d":"18.0"},{"v":30,"d":"30.0"},{"v":36,"d":"36.0"}]
["Codornicultura","cabeças",1,{"v":11000,"d":"11,000.0"},{"v":11000,"d":"11,000.0"},{"v":11000,"d":"11,000.0"},{"v":11000,"d":"11,000.0"}]
["Equinocultura","cabeças",113,{"v":1,"d":"1.0"},{"v":3.01,"d":"3.0"},{"v":43,"d":"43.0"},{"v":340,"d":"340.0"}]
["Ovinocultura","cabeças",25,{"v":1,"d":"1.0"},{"v":38.84,"d":"38.8"},{"v":550,"d":"550.0"},{"v":971,"d":"971.0"}]
["Piscicultura","m² tanques",7,{"v":500,"d":"500.0"},{"v":16500,"d":"16,500.0"},{"v":75000,"d":"75,000.0"},{"v":115500,"d":"115,500.0"}]
["Suinocultura","cabeças",66,{"v":2,"d":"2.0"},{"v":27.36,"d":"27.4"},{"v":650,"d":"650.0"},{"v":1806,"d":"1,806.0"}]
["Fonte: Secretaria de Agricultura e Abastecimento, CDRS/IEA, Projeto LUPA."]
[]
["TABELA 322.3 -  Máquinas, Implementos e Benfeitorias, Município de Maracaí, Estado de São Paulo, 2007/08."]
["ITEM","UNIDADE","N.DE UPAs","MÍNIMO","MÉDIO","MÁXIMO","TOTAL"]
["Arado Comum (Bacia, Aiveca)","Unidade",101,{"v":1,"d":"1.0"},{"v":1.51,"d":"1.5"},{"v":7,"d":"7.0"},{"v":153,"d":"153.0"}]
["Arado Escarificador","Unidade",22,{"v":1,"d":"1.0"},{"v":1.59,"d":"1.6"},{"v":3,"d":"3.0"},{"v":35,"d":"35.0"}]
["Arado Subsolador","Unidade",61,{"v":1,"d":"1.0"},{"v":1.64,"d":"1.6"},{"v":8,"d":"8.0"},{"v":100,"d":"100.0"}]
["Batedeira de Cereais","Unidade",2,{"v":1,"d":"1.0"},{"v":1,"d":"1.0"},{"v":1,"d":"1.0"},{"v":2,"d":"2.0"}]
["Câmara Fria","Unidade",2,{"v":2,"d":"2.0"},{"v":3,"d":"3.0"},{"v":4,"d":"4.0"},{"v":6,"d":"6.0"}]
["Carregadeira de Cana","Unidade",9,{"v":1,"d":"1.0"},{"v":2.78,"d":"2.8"},{"v":6,"d":"6.0"},{"v":25,"d":"25.0"}]
["Colhedeira Acoplada","Unidade",3,{"v":1,"d":"1.0"},{"v":1,"d":"1.0"},{"v":1,"d":"1.0"},{"v":3,"d":"3.0"}]
["Colhedeira Automotriz","Unidade",68,{"v":1,"d":"1.0"},{"v":1.81,"d":"1.8"},{"v":6,"d":"6.0"},{"v":123,"d":"123.0"}]
["Computador","Unidade",6,{"v":1,"d":"1.0"},4.5,{"v":20,"d":"20.0"},{"v":27,"d":"27.0"}]
["Conj.Irrigação Autopropelido","Unidade",1,{"v":1,"d":"1.0"},{"v":1,"d":"1.0"},{"v":1,"d":"1.0"},{"v":1,"d":"1.0"}]
["Conj.Irrigação Convencional","Unidade",4,{"v":1,"d":"1.0"},{"v":1.75,"d":"1.8"},{"v":3,"d":"3.0"},{"v":7,"d":"7.0"}]
["Conj.Irrigação Pivot Central","Unidade",1,{"v":7,"d":"7.0"},{"v":7,"d":"7.0"},{"v":7,"d":"7.0"},{"v":7,"d":"7.0"}]
["Conjunto de Fenação","Unidade",3,{"v":1,"d":"1.0"},{"v":1.33,"d":"1.3"},{"v":2,"d":"2.0"},{"v":4,"d":"4.0"}]
["Desintegrador de Palha (Plantio Direto)","Unidade",11,{"v":1,"d":"1.0"},{"v":1.27,"d":"1.3"},{"v":3,"d":"3.0"},{"v":14,"d":"14.0"}]
["Desintegrador, Picador, Triturador","Unidade",103,{"v":1,"d":"1.0"},{"v":1.12,"d":"1.1"},{"v":2,"d":"2.0"},{"v":115,"d":"115.0"}]
["Distribuidor de Calcário","Unidade",49,{"v":1,"d":"1.0"},{"v":1.33,"d":"1.3"},{"v":4,"d":"4.0"},{"v":65,"d":"65.0"}]
["Ensiladeira","Unidade",25,{"v":1,"d":"1.0"},{"v":1.12,"d":"1.1"},{"v":2,"d":"2.0"},{"v":28,"d":"28.0"}]
["Grade Aradora (Tipo Romi)","Unidade",104,{"v":1,"d":"1.0"},{"v":1.64,"d":"1.6"},{"v":8,"d":"8.0"},{"v":171,"d":"171.0"}]
["Grade Niveladora","Unidade",124,{"v":1,"d":"1.0"},{"v":1.66,"d":"1.7"},{"v":8,"d":"8.0"},{"v":206,"d":"206.0"}]
["Implementos para Tração Animal","Unidade",4,{"v":1,"d":"1.0"},{"v":2,"d":"2.0"},{"v":5,"d":"5.0"},{"v":8,"d":"8.0"}]
["Microtrator","Unidade",2,{"v":1,"d":"1.0"},1.5,{"v":2,"d":"2.0"},{"v":3,"d":"3.0"}]
["Misturador de Ração","Unidade",9,{"v":1,"d":"1.0"},{"v":1,"d":"1.0"},{"v":1,"d":"1.0"},{"v":9,"d":"9.0"}]
["Ordenhadeira Mecânica","Unidade",9,{"v":1,"d":"1.0"},{"v":1.33,"d":"1.3"},{"v":4,"d":"4.0"},{"v":12,"d":"12.0"}]
["Pulverizador Tratorizado","Unidade",128,{"v":1,"d":"1.0"},{"v":1.52,"d":"1.5"},{"v":11,"d":"11.0"},{"v":194,"d":"194.0"}]
["Resfriador de Leite, Tanque Expansão","Unidade",3,{"v":1,"d":"1.0"},{"v":1.33,"d":"1.3"},{"v":2,"d":"2.0"},{"v":4,"d":"4.0"}]
["Roçadeira Costal","Unidade",4,{"v":1,"d":"1.0"},{"v":1.75,"d":"1.8"},{"v":4,"d":"4.0"},{"v":7,"d":"7.0"}]
["Roçadeira Tratorizada","Unidade",4,{"v":1,"d":"1.0"},{"v":1,"d":"1.0"},{"v":1,"d":"1.0"},{"v":4,"d":"4.0"}]
["Semeadeira/Adubadeira para Plantio Convencional","Unidade",66,{"v":1,"d":"1.0"},{"v":1.45,"d":"1.5"},{"v":5,"d":"5.0"},{"v":96,"d":"96.0"}]
["Semeadeira/Plantadeira Plantio Direto","Unidade",88,{"v":1,"d":"1.0"},{"v":1.68,"d":"1.7"},{"v":5,"d":"5.0"},{"v":148,"d":"148.0"}]
["Terraceador","Unidade",23,{"v":1,"d":"1.0"},{"v":1.17,"d":"1.2"},{"v":4,"d":"4.0"},{"v":27,"d":"27.0"}]
["Trator de Esteiras","Unidade",9,{"v":1,"d":"1.0"},{"v":1,"d":"1.0"},{"v":1,"d":"1.0"},{"v":9,"d":"9.0"}]
["Trator de Pneus","Unidade",193,{"v":1,"d":"1.0"},{"v":2.71,"d":"2.7"},{"v":22,"d":"22.0"},{"v":523,"d":"523.0"}]
["Açude/Represa","Unidade",55,{"v":1,"d":"1.0"},1.8,{"v":7,"d":"7.0"},{"v":99,"d":"99.0"}]
["Almoxarifado/Oficina","Unidade",50,{"v":1,"d":"1.0"},{"v":1.02,"d":"1.0"},{"v":2,"d":"2.0"},{"v":51,"d":"51.0"}]
["Armazém para Grãos Ensacados","Sacas",19,{"v":1,"d":"1.0"},{"v":5287.58,"d":"5,287.6"},{"v":40000,"d":"40,000.0"},{"v":100464,"d":"100,464.0"}]
["Balança para Bovinos","Unidade",8,{"v":1,"d":"1.0"},{"v":1,"d":"1.0"},{"v":1,"d":"1.0"},{"v":8,"d":"8.0"}]
["Balança para Veículos","Unidade",7,{"v":1,"d":"1.0"},{"v":1.14,"d":"1.1"},{"v":2,"d":"2.0"},{"v":8,"d":"8.0"}]
["Barracão para Granja/Avicultura","Unidade",5,{"v":1,"d":"1.0"},1.6,{"v":3,"d":"3.0"},{"v":8,"d":"8.0"}]
["Barracão/Galpão/Garagem","Unidade",207,{"v":1,"d":"1.0"},1.3,{"v":7,"d":"7.0"},{"v":270,"d":"270.0"}]
["Casa de Moradia Habitada","Unidade",332,{"v":1,"d":"1.0"},{"v":1.47,"d":"1.5"},{"v":11,"d":"11.0"},{"v":489,"d":"489.0"}]
["Casa de Moradia Total","Unidade",398,{"v":1,"d":"1.0"},1.8,{"v":15,"d":"15.0"},{"v":717,"d":"717.0"}]
["Curral/Mangueira","Unidade",249,{"v":1,"d":"1.0"},{"v":1.02,"d":"1.0"},{"v":3,"d":"3.0"},{"v":255,"d":"255.0"}]
["Depósito/Tulha","Unidade",178,{"v":1,"d":"1.0"},{"v":1.12,"d":"1.1"},{"v":3,"d":"3.0"},{"v":199,"d":"199.0"}]
["Estábulo","Unidade",5,{"v":1,"d":"1.0"},{"v":1,"d":"1.0"},{"v":1,"d":"1.0"},{"v":5,"d":"5.0"}]
["Fábrica de Ração","Unidade",2,{"v":1,"d":"1.0"},{"v":1,"d":"1.0"},{"v":1,"d":"1.0"},{"v":2,"d":"2.0"}]
["Instalações para Equinos","Unidade",7,{"v":1,"d":"1.0"},{"v":3.71,"d":"3.7"},{"v":14,"d":"14.0"},{"v":26,"d":"26.0"}]
["Máquina de Benefício","Unidade",16,{"v":1,"d":"1.0"},{"v":1.38,"d":"1.4"},{"v":6,"d":"6.0"},{"v":22,"d":"22.0"}]
["Pocilga","Unidade",52,{"v":1,"d":"1.0"},{"v":1.04,"d":"1.0"},{"v":2,"d":"2.0"},{"v":54,"d":"54.0"}]
["Poço Semi-Artesiano","Unidade",88,{"v":1,"d":"1.0"},1.1,{"v":4,"d":"4.0"},{"v":97,"d":"97.0"}]
["Posto Meteorológico","Unidade",1,{"v":1,"d":"1.0"},{"v":1,"d":"1.0"},{"v":1,"d":"1.0"},{"v":1,"d":"1.0"}]
["Secador de Grãos","Unidade",18,{"v":1,"d":"1.0"},{"v":1.28,"d":"1.3"},{"v":6,"d":"6.0"},{"v":23,"d":"23.0"}]
["Silo para Grãos","t",22,{"v":1,"d":"1.0"},{"v":3724.32,"d":"3,724.3"},{"v":60000,"d":"60,000.0"},{"v":81935,"d":"81,935.0"}]
["Silo para Silagem","t",24,{"v":1,"d":"1.0"},{"v":3541.25,"d":"3,541.3"},{"v":80000,"d":"80,000.0"},{"v":84990,"d":"84,990.0"}]
["Terreiro","m²",2,{"v":150,"d":"150.0"},{"v":275,"d":"275.0"},{"v":400,"d":"400.0"},{"v":550,"d":"550.0"}]
["Usina de Açúcar/destilaria","Unidade",2,{"v":1,"d":"1.0"},{"v":1,"d":"1.0"},{"v":1,"d":"1.0"},{"v":2,"d":"2.0"}]
["Fonte: Secretaria de Agricultura e Abastecimento, CDRS/IEA, Projeto LUPA."]
[]
["TABELA 322.4 - Outras Estatísticas Agrícolas, Município de Maracaí, Estado de São Paulo, 2007/08."]
["ITEM","Número de UPAs",null,"Percentual"]
["Faz Parte de Associação de Produtores",62,null,{"v":8.201058201058201,"d":"8.2"}]
["Faz Parte de Cooperativa de Produtores",328,null,{"v":43.386243386243386,"d":"43.4"}]
["Faz Parte do Sindicato de Produtores",250,null,{"v":33.06878306878307,"d":"33.1"}]
["Não utiliza assistência técnica ",180,null,{"v":23.80952380952381,"d":"23.8"}]
["Utiliza somente assistência técnica governamental ",219,null,{"v":28.96825396825397,"d":"29.0"}]
["Utiliza somente assistência técnica privada ",186,null,{"v":24.603174603174605,"d":"24.6"}]
["Utiliza assistência técnica tanto governamental quanto privada",170,null,{"v":22.486772486772487,"d":"22.5"}]
["Utiliza Crédito Rural",212,null,{"v":28.04232804232804,"d":"28.0"}]
["Utiliza Seguro Rural",52,null,{"v":6.878306878306878,"d":"6.9"}]
["Utiliza Escrituração Agrícola",273,null,{"v":36.111111111111114,"d":"36.1"}]
["Acessa Internet p/ Fins na Agropecuária",86,null,{"v":11.375661375661377,"d":"11.4"}]
["Utiliza Computador nas Atividades Agropecuárias",104,null,{"v":13.756613756613756,"d":"13.8"}]
["Utiliza Energia Elétrica Para Uso na Atividade Agrícola",415,null,{"v":54.89417989417989,"d":"54.9"}]
["Realiza Análise de Solo, quando necessário",329,null,{"v":43.51851851851852,"d":"43.5"}]
["Utiliza Práticas de Conservação de Solo, quando necessário",720,null,{"v":95.23809523809524,"d":"95.2"}]
["Faz Adubação Mineral, quando necessário",663,null,{"v":87.69841269841268,"d":"87.7"}]
["Faz Adubação Orgânica, quando necessário",73,null,{"v":9.656084656084657,"d":"9.7"}]
["Faz Adubação Verde, quando necessário",29,null,{"v":3.8359788359788363,"d":"3.8"}]
["Utiliza Manejo Integrado de Pragas (MIP)",8,null,{"v":1.0582010582010584,"d":"1.1"}]
["Utiliza Hidroponia","-",null,"-"]
["Utiliza Plasticultura",2,null,{"v":0.2645502645502646,"d":"0.3"}]
["Utiliza Mudas Fiscalizadas",192,null,{"v":25.396825396825395,"d":"25.4"}]
["Utiliza Semente Melhorada",470,null,{"v":62.169312169312164,"d":"62.2"}]
["Faz Confinamento de Bovinos",14,null,{"v":1.8518518518518519,"d":"1.9"}]
["Utiliza Pastejo Intensivo",171,null,{"v":22.619047619047617,"d":"22.6"}]
["Faz Inseminação Artificial",6,null,{"v":0.7936507936507937,"d":"0.8"}]
["Faz Mineralização do Rebanho",276,null,{"v":36.507936507936506,"d":"36.5"}]
["Faz Vermifugação do Rebanho",276,null,{"v":36.507936507936506,"d":"36.5"}]
["Possui Parceiros /Arrendatários na Exploração Animal",50,null,{"v":6.613756613756614,"d":"6.6"}]
["Esporte e lazer","-",null,"-"]
["Extração mineral","-",null,"-"]
["Hotel Fazenda, Pousada ou SPA","-",null,"-"]
["Pesque-pague","-",null,"-"]
["Restaurante ou Lanchonete","-",null,"-"]
["Transformação artesanal","-",null,"-"]
["Turismo rural ou ecoturismo","-",null,"-"]
["Outras atividades econômicas rurais",2,null,{"v":0.2645502645502646,"d":"0.3"}]
["Agroindústria","-",null,"-"]
["Proprietário sem instrução ou com instrução incompleta",49,null,{"v":6.481481481481482,"d":"6.5"}]
["Proprietário com antigo primário completo",362,null,{"v":47.88359788359788,"d":"47.9"}]
["Proprietário com 1° grau (ou antigo ginasial) completo",71,null,{"v":9.39153439153439,"d":"9.4"}]
["Proprietário com 2° grau (ou antigo colegial) completo",128,null,{"v":16.93121693121693,"d":"16.9"}]
["Proprietário com curso superior completo ",106,null,{"v":14.02116402116402,"d":"14.0"}]
["Pessoa Jurídica",39,null,{"v":5.158730158730159,"d":"5.2"}]
["Proprietário residente na própria UPA ",183,null,{"v":24.206349206349206,"d":"24.2"}]
["Fonte: Secretaria de Agricultura e Abastecimento, CDRS/IEA, Projeto LUPA."]
[]
["TABELA 322.5 - Área Cultivada, Município de Maracaí, Estado de São Paulo, 2007/08."]
["CULTURA","N.DE UPAs","MÍNIMO","MÉDIO","MÁXIMO","TOTAL"]
["Soja",417,1.9,{"v":53.52,"d":"53.5"},{"v":2439.6,"d":"2,439.6"},{"v":22319.2,"d":"22,319.2"}]
["Milho Safrinha",433,0.1,{"v":51.17,"d":"51.2"},{"v":2439.6,"d":"2,439.6"},{"v":22158.6,"d":"22,158.6"}]
["Cana-de-acucar",247,0.2,{"v":74.06,"d":"74.1"},{"v":3386.8,"d":"3,386.8"},{"v":18291.9,"d":"18,291.9"}]
["Gramas",215,0.3,{"v":9.29,"d":"9.3"},{"v":158,"d":"158.0"},{"v":1997.2,"d":"1,997.2"}]
["Braquiaria",114,0.2,{"v":15.25,"d":"15.3"},{"v":350,"d":"350.0"},{"v":1738.9,"d":"1,738.9"}]
["Milho",41,0.1,{"v":13.51,"d":"13.5"},84.3,553.8]
["Trigo",13,2.4,{"v":29.08,"d":"29.1"},232.5,378.1]
["Aveia",8,1.2,{"v":24.94,"d":"24.9"},{"v":49,"d":"49.0"},199.5]
["Mandioca",15,0.3,{"v":12.73,"d":"12.7"},{"v":75,"d":"75.0"},190.9]
["Eucalipto",36,0.1,4.7,65.3,169.1]
["Coloniao",17,0.6,{"v":8.44,"d":"8.4"},56.7,143.4]
["Banana",9,0.5,{"v":10.13,"d":"10.1"},31.4,91.2]
["Outras gramineas para pastagem",4,2.5,{"v":7.83,"d":"7.8"},21.2,31.3]
["Milho-silagem",8,1.1,{"v":3.25,"d":"3.3"},7.2,{"v":26,"d":"26.0"}]
["Outras olericolas",1,9.7,9.7,9.7,9.7]
["Capim-napier (ou capim-elefante)",2,1.2,{"v":2.75,"d":"2.8"},4.3,5.5]
["Outras florestais",3,0.3,1.3,2.4,3.9]
["Sorgo-vassoura",1,{"v":3,"d":"3.0"},{"v":3,"d":"3.0"},{"v":3,"d":"3.0"},{"v":3,"d":"3.0"}]
["Laranja",3,0.5,0.7,{"v":1,"d":"1.0"},2.1]
["Feijao",1,{"v":1,"d":"1.0"},{"v":1,"d":"1.0"},{"v":1,"d":"1.0"},{"v":1,"d":"1.0"}]
["Limao",1,0.6,0.6,0.6,0.6]
["Manga",1,0.5,0.5,0.5,0.5]
["Couve (ou couve-crespa)",1,0.2,0.2,0.2,0.2]
["Berinjela",1,0.2,0.2,0.2,0.2]
["Alface",1,0.1,0.1,0.1,0.1]
["Quiabo",1,0.1,0.1,0.1,0.1]
["Fonte: Secretaria de Agricultura e Abastecimento, CDRS/IEA, Projeto LUPA."]